Facultad de Derecho – Universidad Nacional de Mar del Plata

Codigo procesal penal de la nacion concordado con el de la provincia de buenso aires (Record no. 2261)

MARC details
000 -LEADER
fixed length control field 00738cam a22002297a 4500
001 - CONTROL NUMBER
control field 002271
003 - CONTROL NUMBER IDENTIFIER
control field armpunfd
005 - DATE AND TIME OF LATEST TRANSACTION
control field 20140612090703.0
008 - FIXED-LENGTH DATA ELEMENTS--GENERAL INFORMATION
fixed length control field 100514e0####xx#a##########000#0#und#d
040 ## - CATALOGING SOURCE
Original cataloging agency armpunfd
Transcribing agency armpunfd
080 ## - UNIVERSAL DECIMAL CLASSIFICATION NUMBER
Universal Decimal Classification number 343.1 (094.4) CH 95
100 10 - MAIN ENTRY--PERSONAL NAME
Personal name Chiara Diaz Carlos A
245 10 - TITLE STATEMENT
Title Codigo procesal penal de la nacion concordado con el de la provincia de buenso aires
260 ## - PUBLICATION, DISTRIBUTION, ETC. (IMPRINT)
Place of publication, distribution, etc Uenos Aires : Rubinzal Culzoni
Name of publisher, distributor, etc 2001. Isbn: 950-727-320-4. 373 P.
650 #7 - SUBJECT ADDED ENTRY--TOPICAL TERM
Topical term or geographic name as entry element Codigo Procesal Penal De La Nacion
Source of heading or term LEMB
650 #7 - SUBJECT ADDED ENTRY--TOPICAL TERM
Topical term or geographic name as entry element Jurisprudencia
Source of heading or term LEMB
650 #7 - SUBJECT ADDED ENTRY--TOPICAL TERM
Topical term or geographic name as entry element Legislacion
Source of heading or term LEMB
700 10 - ADDED ENTRY--PERSONAL NAME
Personal name Meana Jose Maria
942 ## - ADDED ENTRY ELEMENTS (KOHA)
Koha item type LIBRO
Source of classification or shelving scheme
945 ## - LOCAL PROCESSING INFORMATION (OCLC)
a Catalis
d 2010-08-19
945 ## - LOCAL PROCESSING INFORMATION (OCLC)
a Catalis
d 2010-08-19
Holdings
Withdrawn status Lost status Source of classification or shelving scheme Damaged status Not for loan Home library Current library Shelving location Date acquired Total Checkouts Full call number Barcode Date last seen Price effective from Koha item type Date checked out
          Bib. Derecho Bib. Derecho Sector Prestamo 12/06/2014   343.1 (094.4) CH 95 202305 12/06/2014 12/06/2014 LIBRO  
          Bib. Derecho Bib. Derecho Sala de Lectura 12/06/2014 1 343.1 (094.4) CH 95 202304 05/12/2014 12/06/2014 LIBRO (Consulta) 04/12/2014

XHTML | CSS | ©Biblioteca Central - Dto. Tecnología de la Información - [ Con tecnología Koha ]